000 01016nam a2200253 a 4500
001 BRCA_1253
005 20190320203341.0
008 050929s2002 mx-a---##b---#001-0#spa-c
020 _a9701883136
020 _a9707220929 (Plaza y Valdés)
050 4 _aNK844
_b.C53 2002
100 1 _aCiancas, María Esther
_94126
245 1 0 _aMiscelánea de artes aplicadas
_bsiglos XVI al XX : colecciones del Museo Nacional de Historia Castillo de Chapultepec
_cMaría Esther Ciancas, Bárbara Meyer.
260 _aMéxico
_bPlaza y Valdés
_c2002
300 _a138 p.
_bil. a color
_c26 cm.
500 _aIncluye índice de artistas y sus obras
504 _aBibliografía : p. 137-138
610 2 4 _aMuseo Nacional de Historia (Ciudad de México)
_vCatálogos
_94127
650 1 4 _aArtes decorativas
_vCatálogos
_zMéxico
_94128
650 1 4 _aArte colonial
_xHistoria
_zMéxico
_94129
650 1 4 _aDecoración y ornamentación
_xHistoria
_ySiglo XVI al XX
_zMéxico
_94130
700 1 _aMeyer, Bárbara
_94131
942 _2lcc
_cB
999 _c1123
_d1123